000 00495nam a22001817a 4500
005 20240307164227.0
008 240307b |||||||| |||| 00| 0 eng d
020 _a9781111307653
082 _a794.81
_bNOV-G
100 _aNovak, Jeannie
245 _aGame development essentials /
_cJeannie Novak
250 _a3ed ed.
260 _aindia:
_bElsevier;
_c2012.
300 _axxvii, 483 p. :
_bill,
_c23 cm.
500 _aInclude index.
650 _acomputer science/programming
999 _c35285
_d35285